|
|
|
|
| LEADER |
00912cam a2200241 a 4500 |
| 001 |
0000078908 |
| 005 |
20251027090000.0 |
| 040 |
|
|
|a mod
|
| 041 |
|
|
|a eng
|
| 020 |
|
|
|a 1853675679
|
| 090 |
0 |
0 |
|a 953.53
|b JEA
|e 2005
|
| 100 |
1 |
|
|a Jeapes, Tony
|
| 245 |
1 |
0 |
|a SAS Secret War
|b Operation Storm in the Middle East
|c Tony Jeapes
|
| 260 |
|
|
|a London
|b Greenhill Books
|c 2005
|
| 300 |
|
|
|a 253 p.
|b maps.
|c 24 cm
|
| 500 |
|
|
|a Includes index
|
| 650 |
0 |
0 |
|a Oman
|x History
|x Dhofar War
|y 1964-1976
|
| 651 |
|
0 |
|a Great Britain. Army. Special Air Service Regiment, 22nd
|x Biography
|
| 852 |
0 |
0 |
|a 01
|
| 999 |
|
|
|a 0241628
|b KEMENTAH
|d BOOKS
|e Umum
|f Perpustakaan KEMENTAH
|j AVAILABLE
|q GOOD CONDITION
|
| 999 |
|
|
|a 0243442
|b KEMENTAH
|d BOOKS
|e Umum
|f Perpustakaan KEMENTAH
|j AVAILABLE
|q GOOD CONDITION
|
| 999 |
|
|
|a 0292064
|b 10 BGD
|d BOOKS
|e Umum
|f 10 BGD
|j AVAILABLE
|q GOOD CONDITION
|
| 999 |
|
|
|a 0293122
|b 10 BGD
|d BOOKS
|e Umum
|f 10 BGD
|j CIRCULATED
|q GOOD CONDITION
|